Taylor Swift - The Fate of Ophelia Music Video Photo Quiz - Statistics

General Stats
  • This quiz has been taken 53 times
  • The average score is 9 of 9
Answer Stats
Question Tile Select % Correct
photos taken from The Fate of Ophelia music video Yes
100%
photos taken from The Fate of Ophelia music video Yes
100%
photos taken from The Fate of Ophelia music video Yes
100%
photos taken from The Fate of Ophelia music video Yes
100%
photos taken from The Fate of Ophelia music video No
97%
photos taken from The Fate of Ophelia music video No
97%
photos taken from The Fate of Ophelia music video No
97%
photos taken from The Fate of Ophelia music video No
95%
photos taken from The Fate of Ophelia music video No
95%
No matching quizzes found
Score Distribution
Percent of People with Each Score
Percentile by Number Answered
Your Score History
You have not taken this quiz